| 000 | 004830000a22001810004500 | ||
|---|---|---|---|
| 003 | MACL | ||
| 005 | 20150822124238.0 | ||
| 008 | 150822b xxu||||| |||| 00| 0 eng d | ||
| 040 |
_aMACL _cMACL |
||
| 041 | _aEnglish | ||
| 082 | _a63/PAT | ||
| 100 |
_aPatil, Jayant _96766 |
||
| 245 |
_aAgricultural And Rural reconstruction _bA Sustainable Approach |
||
| 260 |
_bConcept Publishing Company _c1996 _aNew Delhi |
||
| 350 | _a300 | ||
| 650 |
_aAgricalture _96767 |
||
| 942 |
_cBK _k630 _2ddc |
||
| 999 |
_c2768 _d2768 |
||